ARRUPE JESUIT UNIVERSITY

CORONAVIRUS -STOP THE SPREAD - CLEAN,DISINFECT,COVER

The challenge of nationhood (Record no. 5189)

MARC details
000 -LEADER
fixed length control field 00543nam a2200205Ia 4500
003 - CONTROL NUMBER IDENTIFIER
control field 0100
008 - FIXED-LENGTH DATA ELEMENTS--GENERAL INFORMATION
fixed length control field 130227s9999 xx 000 0 und d
040 ## - CATALOGING SOURCE
Transcribing agency ARRUPELIB
050 ## - LIBRARY OF CONGRESS CALL NUMBER
Classification number DT434.E262M35 1970
100 ## - MAIN ENTRY--PERSONAL NAME
Personal name Mboya, Tom
9 (RLIN) 23119
245 #4 - TITLE STATEMENT
Title The challenge of nationhood
245 ## - TITLE STATEMENT
Remainder of title a collection of speeches and writings
260 ## - PUBLICATION, DISTRIBUTION, ETC. (IMPRINT)
Name of publisher, distributor, etc Andre Deutsch
Date of publication, distribution, etc 1970
Place of publication, distribution, etc London
300 ## - PHYSICAL DESCRIPTION
Extent 278p.
300 ## - PHYSICAL DESCRIPTION
Other physical details 23cm.
650 ## - SUBJECT ADDED ENTRY--TOPICAL TERM
Topical term or geographic name as entry element Kenya
General subdivision Politics
-- Addresses
9 (RLIN) 23120
650 ## - SUBJECT ADDED ENTRY--TOPICAL TERM
Topical term or geographic name as entry element Africa
General subdivision Politics
-- Addresses
Chronological subdivision 1960
9 (RLIN) 16763
942 ## - ADDED ENTRY ELEMENTS (KOHA)
Source of classification or shelving scheme Library of Congress Classification
Koha issues (borrowed), all copies 3
Item type Monograph ( Printed materials)
Holdings
Withdrawn status Lost status Source of classification or shelving scheme Damaged status Not for loan Collection code Home library Current library Shelving location Date acquired Total Checkouts Full call number Barcode Date last seen Date last borrowed Copy number Price effective from Koha item type
    Library of Congress Classification     Main Collection ARRUPE LIBRARY ARRUPE LIBRARY   27/02/2013 3 DT434.E262M35 1970 46406961 07/12/2017 22/04/2014 1 27/02/2013 Monograph ( Printed materials)
    Library of Congress Classification     Main Collection ARRUPE LIBRARY ARRUPE LIBRARY Main Collection 21/03/2016   DT434.E262M35 1970 46500006634 07/12/2017     21/03/2016 Monograph ( Printed materials)
    Library of Congress Classification       ARRUPE LIBRARY ARRUPE LIBRARY Main Collection 02/12/2022   DT434.E262M35 1970 46700000206 02/12/2022     02/12/2022 Monograph ( Printed materials)

 

Arrupe Library. PO Box MP320 Mt Pleasant, Harare, Zimbabwe
263 242 745411|librarian@aju.ac.zw